Online Catalogue and eLibrary

Mother of 1084 : (Record no. 3068)

MARC details
000 -LEADER
fixed length control field 00445nam a2200181Ia 4500
005 - DATE AND TIME OF LATEST TRANSACTION
control field 20240826030220.0
008 - FIXED-LENGTH DATA ELEMENTS--GENERAL INFORMATION
fixed length control field 240331s9999 xx 000 0 und d
020 ## - INTERNATIONAL STANDARD BOOK NUMBER
ISBN 8170461391
082 ## - DDC Classification
Item Number - Author Mark MOT
Class No. 800
100 ## - MAIN ENTRY--PERSONAL NAME
Personal name Bandyopadhyay, S. Tr.
245 #0 - TITLE STATEMENT
Title Mother of 1084 :
Remainder of title Mahasweta Devi
260 ## - PUBLICATION, DISTRIBUTION, ETC.
Place of publication, distribution, etc. Calcutta
Name of publisher, distributor, etc. Seagull Books
Date of publication, distribution, etc. 1997
300 ## - PHYSICAL DESCRIPTION
Extent (e.g. Volumes, Pages etc.) xx, 130 p .,
650 ## - SUBJECT ADDED ENTRY--TOPICAL TERM
Topical term or geographic name entry element Politics
650 ## - SUBJECT ADDED ENTRY--TOPICAL TERM
Topical term or geographic name entry element Society
650 ## - SUBJECT ADDED ENTRY--TOPICAL TERM
Topical term or geographic name entry element Hypocritical
942 ## - Koha item type (Biblio)
Koha item type Books in Stacks (Lending)
Holdings
Lost status Damaged status Collection code Home library Current library Shelving location Date acquired Full call number Accession Number Item type
    Lending WERC Library WERC Library Social Science Cupboard 03/31/2024 800 MOT 2575 Books in Stacks (Lending)

© WERC Library